000 00385nam a2200157Ia 4500
008 240729s9999 xx 000 0 und d
022 _a2509-9396
245 0 _aSynOpen
260 _aGermany
260 _bGeorg Thieme Verlag KG
650 _a Chemistry
650 _aScience
856 _uhttps://doaj.org/toc/a152f2f585824d2e96a3f519ed796f16
942 _2ddc
942 _cDOAJEJ
999 _c65911
_d65911
945 _a1
_bMadushi Gamage
_c1
_dMadushi Gamage